000 00487nam a2200193Ia 4500
005 20240823025557.0
008 240823s9999||||xx |||||||||||||| ||und||
020 _a978-81-318-0738-5
041 _aENGLISH
082 _A621.381 P9
100 _aSaradindu Panda
245 0 _aMicroelectronics and optoelectronics Technology
250 _a1st
260 _c2009
_bUNiversity Science
500 _aYES
650 _aMicroelectronics
_bElectronics
942 _cBK
999 _c186647
_d186647